000 00336 a2200157 4500
001 189948
020 _a978-85-08-11339-2
040 _cMagnum
100 _aJunqueira, Sonia
240 1 0 _aO caracol viajante
_lpor
245 1 0 _aO caracol viajante
300 _a24
362 0 _a2010
697 _aLITERATURA INFANTIL
942 _cBK
999 _c189948
_d189948